000
00261nam a2200109 a 4500
005
20200929162718.0
008
091105s1981 000 spa d
020
_a
8484000419
245
3
_a
El palo ensebado.
260
_a
Santo Domingo,
_c
1981.
999
_c
11800
_d
11800
040
_a
DO-SdBNP